Tilastot visalle Maailman valtiot tyhjällä kartalla

Klikkaa tästä pelataksesi tätä visaa!

Yleistilastot

  • Tätä visaa on pelattu 6 777 kertaa
  • Keskiarvotulos 151 / 196

Vastaukset kartalla

Vastauksille on annettu kartalla punavihreä väri sen mukaan, kuinka moni on saanut sen oikein.
Ladataan ...
 

Vastaustilastot

Valtio% Oikein
Suomi
98%
Ruotsi
97%
Venäjä
96%
Yhdysvallat
95%
Kiina
95%
Saksa
95%
Norja
95%
Espanja
94%
Italia
94%
Kanada
94%
Ranska
94%
Liettua
93%
Valko-Venäjä
93%
Brasilia
93%
Puola
93%
Viro
93%
Latvia
93%
Tanska
92%
Meksiko
92%
Japani
92%
Ukraina
92%
Australia
92%
Egypti
91%
Intia
91%
Unkari
90%
Etelä-Afrikka
90%
Kreikka
90%
Portugali
90%
Slovakia
90%
Turkki
90%
Itävalta
90%
Argentiina
90%
Tšekki
90%
Sveitsi
89%
Islanti
89%
Irak
89%
Iran
89%
Slovenia
88%
Chile
88%
Etelä-Korea
88%
Mongolia
88%
Yhdistynyt
kuningaskunta
88%
Romania
87%
Pohjois-Korea
87%
Peru
87%
Thaimaa
87%
Irlanti
86%
Kongon tasavalta
86%
Kongon demokraattinen
tasavalta
86%
Kazakstan
86%
Niger
86%
Saudi-Arabia
85%
Belgia
85%
Alankomaat
85%
Uusi-Seelanti
85%
Nigeria
84%
Serbia
84%
Kroatia
84%
Afganistan
84%
Indonesia
84%
Bulgaria
84%
Kolumbia
83%
Marokko
83%
Kuuba
83%
Algeria
83%
Pakistan
82%
Vietnam
82%
Moldova
82%
Venezuela
82%
Andorra
82%
Bosnia ja
Hertsegovina
82%
Vatikaanivaltio
82%
Israel
82%
Albania
82%
Libya
82%
Uruguay
82%
Bolivia
82%
Luxemburg
82%
Sudan
82%
Kenia
81%
Pohjois-Makedonia
81%
Etiopia
81%
Paraguay
81%
Somalia
81%
Nepal
81%
Malta
81%
Kosovo
80%
Oman
79%
Norsunluurannikko
79%
Syyria
79%
Madagaskar
79%
Jemen
79%
Uzbekistan
79%
San Marino
78%
Panama
78%
Monaco
78%
Montenegro
78%
Liechtenstein
78%
Laos
77%
Turkmenistan
77%
Filippiinit
76%
Etelä-Sudan
76%
Haiti
76%
Kypros
76%
Myanmar
76%
Tansania
76%
Namibia
76%
Tunisia
76%
Mali
76%
Angola
75%
Keski-Afrikan tasavalta
75%
Ecuador
75%
Armenia
74%
Guinea
74%
Tšad
74%
Honduras
74%
Georgia
74%
Papua-Uusi-Guinea
74%
Jamaika
74%
Ghana
73%
Mauritania
73%
Nauru
73%
Bangladesh
73%
Sri Lanka
73%
Jordania
72%
Kirgisia
72%
Azerbaidžan
72%
Yhdistyneet
arabiemiirikunnat
72%
Malesia
72%
Taiwan
72%
Costa Rica
72%
Uganda
71%
Sambia
71%
Zimbabwe
71%
Eritrea
71%
Bhutan
71%
Senegal
70%
Qatar
70%
Suriname
70%
Dominica
70%
Lesotho
69%
Libanon
69%
Guyana
69%
Malediivit
68%
Liberia
68%
Botswana
68%
Togo
68%
Gambia
68%
Nicaragua
68%
Singapore
67%
Tadžikistan
67%
El Salvador
67%
Mauritius
67%
Benin
67%
Mosambik
67%
Dominikaaninen
tasavalta
66%
Kambodža
66%
Bahama
66%
Ruanda
66%
Kamerun
66%
Kuwait
66%
Guatemala
66%
Itä-Timor
64%
Swazimaa
64%
Guinea-Bissau
64%
Bahrain
63%
Burkina Faso
63%
Tuvalu
63%
Fidži
63%
Belize
63%
Päiväntasaajan Guinea
63%
Malawi
63%
Mikronesia
62%
Kap Verde
62%
Marshallinsaaret
61%
Salomonsaaret
61%
Vanuatu
61%
Brunei
61%
Tonga
61%
Sierra Leone
61%
Kiribati
61%
Gabon
61%
Saint Lucia
60%
Burundi
60%
Samoa
60%
Djibouti
60%
Seychellit
59%
Palau
59%
Barbados
58%
Trinidad ja Tobago
57%
Saint Vincent ja
Grenadiinit
57%
Komorit
57%
Saint Kitts ja Nevis
57%
Antigua ja Barbuda
55%
São Tomé ja Príncipe
54%
Grenada
53%

Tulosjakauma

Persentiili vastausten määrän mukaan

Jokaisen tuloksen saaneiden osuus

Tuloshistoriasi

Et ole pelannut tätä visaa